| 000 | 01579cam a22003371 4500 | ||
|---|---|---|---|
| 001 | rc 01002944 | ||
| 003 | DLC | ||
| 005 | 20260227111908.0 | ||
| 007 | cr_||||||||||| | ||
| 008 | 800916s1843 mauh 000 0 eng | ||
| 010 | _arc 01002944 | ||
| 035 | _a(OCoLC)6718986 | ||
| 040 |
_aDLC _cNAlU _dOCoLC _dDLC |
||
| 042 | _apremarc | ||
| 043 | _an-us-ri | ||
| 050 | 0 | 0 |
_aF82 _b.C15 |
| 100 | 1 |
_aCallender, John, _d1706-1748. |
|
| 245 | 0 | 3 |
_aAn historical discourse, on the civil and religious affairs of the colony of Rhode-Island. _cBy John Callender, M.A. With a memoir of the author; biographical notices of some of his distinguished contemporaries; and annotations and original documents illustrative of the history of Rhode-Island and Providence Plantations, from the first settlement to the end of the first century. By Romeo Elton |
| 250 | _a3d. ed. | ||
| 260 |
_aBoston, _bT. H. Webb & company; _aNew York, _bBartlett & Welford; [etc., etc.] _c1843. |
||
| 300 |
_aviii, [9]-270 p. _bfacsim. _c22 cm. |
||
| 500 | _aAdded t.-p.: The early history of Rhode-Island. | ||
| 500 | _a1st edition, Boston, 1739. | ||
| 500 | _aAlso issued, Providence, 1838, as v. 4, Collections of the Rhode Island historical society. | ||
| 530 | _aAlso available in digital form on the Internet Archive Web site. | ||
| 651 | 0 |
_aRhode Island _xHistory _yColonial period, ca. 1600-1775. |
|
| 651 | 0 |
_aRhode Island _xChurch history. |
|
| 700 | 1 |
_aElton, Romeo, _d1790-1870, _eed. |
|
| 710 | 2 | _aRhode Island Historical Society. | |
| 856 | 4 | 1 | _uhttp://hdl.loc.gov/loc.gdc/scd0001.00126088140 |
| 999 |
_c52464 _d52464 |
||